Cities of Europe with a population of more than 3 million - Statistics

General Stats
  • This quiz has been taken 50 times
    27 since last reset
  • The average score is 11 of 12
Answer Stats
Answer % Correct
Barcelona
100%
Berlin
100%
London
100%
Madrid
100%
Istanbul
96%
Moscow
96%
Rome
96%
Paris
91%
Athens
87%
Milan
87%
St. Petersburg/Saint Petersburg
78%
Kiev/Kyiv
52%
No matching quizzes found
Score Distribution
Percent of People with Each Score
Percentile by Number Answered
Your Score History
You have not taken this quiz since the last reset